Competencia de productos de Mx̌ico y China en el mercado de Estados Unidos

Bibliographic Details
Main Author: Correa Lp̤ez, Gabriela
Format: eBook
Language:Spanish
Published: Ciudad de Mx̌ico: Cm̀ara de Diputados, 2009
Subjects:
Online Access:Acceso restringido

MARC

LEADER 00000nam a22000007a 4500
005 2017102605225.0
007 cr|||| ||||
008 171026s2009 mx |||||s|||| 00||0 spa d
020 |a 978-607-401-111-1 
035 |a 20772 
040 |a vLex 
090 |c 7151  |d 7151 
100 1 |a Correa Lp̤ez, Gabriela 
245 1 0 |a Competencia de productos de Mx̌ico y China en el mercado de Estados Unidos  |h [Recurso electrn̤ico] /  |c abriela Correa Lp̤ez 
256 |a Servicio en ln̕ea 
260 |a Ciudad de Mx̌ico:  |b Cm̀ara de Diputados,  |c 2009 
300 |a 1 recurso electrn̤ico 
506 1 |a Disponible solo en los productos indicados  |d vLex Global  |d vLex Global (Academic Edition, excluding Law Schools)  |d vLex Global (U.S. Academic Edition, Law Schools)  |d vLex Global (U.S. Academic Edition, excluding Law Schools)  |d vLex Global (Academic Edition, Law Schools) 
650 0 4 |a Comercio  |z Mx̌ico 
740 0 |a vLex Libros (Servicio en ln̕ea) 
856 4 0 |u http://vlex.com/source/competencia-productos-mexico-china-mercado-estados-unidos-20772  |z Acceso restringido 
942 |c BOOK 
999 0 |a Commerce